Investigaciones históricas : investigaciones arqueológicas /
Guardado en:
| Formato: | Libro |
|---|---|
| Publicado: |
Valdivia :
,
1968
|
| Materias: | |
| Etiquetas: |
Agregar Etiqueta
Sin Etiquetas, Sea el primero en etiquetar este registro!
|
| LEADER | 00418nam a22001455a 4500 | ||
|---|---|---|---|
| 001 | CEM.cems001635 | ||
| 005 | 20060214000000.0 | ||
| 008 | 130507s1968##################000#0#####d | ||
| 003 | CEMS | ||
| 082 | 0 | 4 | |a 571.983 |
| 245 | 0 | 0 | |a Investigaciones históricas : |b investigaciones arqueológicas / |
| 260 | |a Valdivia : |b , |c 1968 | ||
| 300 | |a s. p. | ||
| 653 | |a Arqueologia | ||
| 859 | |a CEMS |b BIB. CEMS - 11 de abril |h 571.983 |i C436 |p 1369.74 |t Ej.1 | ||
